000 00595nam a2200193 a 4500
003 BD-RjUL
005 20250723104643.0
008 250723s961 pk ||||| |||| 00| 0 urd d
035 _a(BD-RjUL)
040 _aBD-RjUL
_beng
_cBD-RjUL
041 _aurd
082 _223
_a891.4391
_bBAR 1961
100 _aبداىونى., شکىل ;; Badāyūnī., Shakīl
_d1916-1970
_916206
245 1 0 _aرنگىنىاں / Rangīniyān̲ /
_c:شکىل بداىونى.,;; / Shakīl Badāyūnī.
260 _aLahore :
_bNaya Idara,
_c1961
300 _a134 p. ;
_c22 cm
650 _aPoetry
942 _2ddc
_cBK
999 _c85283
_d85283